00329 a2200121 450000100060000004000260000610000250003224000580005724500530011530000070016836200090017565000230018450106 cAnchieta - Bela Vista aAnchietinha Itaigara10aHistórias para sonhar, rir e se surpreender...lpor10aHistórias para sonhar, rir e se surpreender... a420 a2017 4aLiteratura juvenil